| Registos Bibliográficos associados ao registo de autoridade |
|
Etiqueta de registo: 00000nam 2200025 450 001 2288162 003 http://id.bnportugal.gov.pt/bib/catbnp/2288162 100 ## $a20260618d2024 k y0pory01030103ba 101 0# $apor$deng 102 ## $aPT 105 ## $aa m 000yy 106 ## $ar 200 1# $aRabiscos terapêuticos - uma cartografia das suas formas gráficas$fLuciana Craveiro Vilanova$gorient. José Artur Vitória de Sousa Ramos, João Manuel Gouveia de Almeida Peneda,
Maria da Graça Muniz Lima 210 #9 $aLisboa$c[s.n.],$d2024 215 ## $a210 f.$cil.$d30 cm 328 #1 $aTese dout. Belas-Artes (Desenho), Faculdade de Belas-Artes, Universidade de Lisboa,
2024 700 #1 $aVilanova,$bLuciana Craveiro$32000915 702 #1 $aRamos,$bArtur,$f1966-$4727$31044453 702 #1 $aPeneda,$bJoão Manuel Gouveia de Almeida$4727$31033221 702 #1 $aLima,$bMaria da Graça Muniz$4727$32000917 801 #0 $aPT$bBN$gRPC 966 ## $lBN$mFGMON$x1 971 ## $corlando$d20260618
|
|
|